A dm-drogerie markt kft. értékesítési stratégiája
| Main Author: | |
|---|---|
| Other Authors: | |
| Format: | Project work |
| Kulcsszavak: | értékesítési stratégia kereskedelem sikertényezők üzleti stratégia vásárlói elégedettség |
| Online Access: | http://dolgozattar.uni-bge.hu/60219 |
MARC
| LEADER | 00000nnm a2200000 i 4500 | ||
|---|---|---|---|
| 001 | dolg60219 | ||
| 005 | 20260409150143.0 | ||
| 008 | 260409suuuu hu o 000 hun d | ||
| 040 | |a BGE Dolgozattár Repozitórium |b hun | ||
| 041 | |a hu | ||
| 100 | 1 | |a Barta Hajnalka Viktória | |
| 245 | 1 | 2 | |a A dm-drogerie markt kft. értékesítési stratégiája |c Barta Hajnalka Viktória |h [elektronikus dokumentum] |
| 516 | |a Project_work | ||
| 520 | 3 | |a A dolgozat során feltárom, hogy milyen tényezők teszik a dm-et vonzóvá a vásárlók számára, milyen értékesítési taktikákat alkalmaznak az eladások növelésére, hogyan működik egy dm üzlet, valamint, hogy hogyan járul hozzá a vállalat sikerességéhez a dolgozókkal való kapcsolatuk.Mind az online, mind az offline kereskedelmi folyamatokat vizsgálni fogom, illetve, hogy a dm milyen új lehetőségeket nyitott meg a vásárlók számára. A vállalat hűségprogramját, az active beauty programját is részletesen kifejtem, emellett külön figyelmet fordítok a dm dolgozóinak munkakörnyezetére és juttatásaira, mivel a barátságos és tájékozott munkavállalók jelentős módon hozzájárulnak a vásárlói élmény javításához. A vállalat jótékonysági és fenntarthatósági programjairól is beszélni fogok, illetve, hogy ezek miért növelik a dm sikereit | |
| 695 | |a értékesítési stratégia | ||
| 695 | |a kereskedelem | ||
| 695 | |a sikertényezők | ||
| 695 | |a üzleti stratégia | ||
| 695 | |a vásárlói elégedettség | ||
| 700 | 1 | |a Békési Gábor György |e ths | |
| 856 | 4 | 0 | |u http://dolgozattar.uni-bge.hu/60219/1/BUDAPESTI%20GAZDAS%C3%81GTUDOM%C3%81NYI%20EGYETEM%20%286%29.pdf |z Dokumentum-elérés |
| 856 | 4 | 0 | |u http://dolgozattar.uni-bge.hu/60219/2/Biralat_Barta%20Hajnalka%20Vikt%C3%B3ria.pdf |z Dokumentum-elérés |